| 000 | 00915nas a2200301 4500 | ||
|---|---|---|---|
| 001 | BR2012006320 | ||
| 003 | BR-BrBNA | ||
| 005 | 20231205121039.0 | ||
| 007 | ta | ||
| 008 | 230509b bl.|||p| |||| 00| 00por d | ||
| 040 |
_aBR-BrBNA _bpor _cBiblioteca Nacional de Agricultura |
||
| 041 | _a(Pt) | ||
| 072 | _aE14; P33; P30 | ||
| 100 | 1 | _aVeiga, M. de | |
| 100 | 1 | _aSantos, O. dos | |
| 100 | 1 | _aHammes, L. A. | |
| 100 | 1 | _aPandolfo, C. | |
| 245 | 1 | _aDistribuição espacial dos teores de argila, silte e areia na camada superficial do solo em Santa Catarina | |
| 650 | _aAGRICULTURA | ||
| 650 | _aSOLO | ||
| 650 | _aFÍSICA DO SOLO | ||
| 650 | _aSOLO ARENO | ||
| 650 | _aPLANEJAMENTO AGRÍCOLA | ||
| 650 | _aMANEJO | ||
| 773 | 0 |
_tAgropecuária Catarinense (Brazil) _xISSN 0103-0779 _g(Mar 2012), v. 25(1) p. 63-68 _wBR2012006320 |
|
| 909 |
_a202311 _bLúcia _c55 _dLúcia Elande |
||
| 942 |
_2AGRIS _n0 _cANA |
||
| 999 |
_c221587 _d221587 |
||